Sports Quiz

Random Sports or NFL Quiz

Opposing Starting QBs in Games Won By Aaron Rodgers Quiz Stats

 Plays Quiz not verified by Sporcle

Also try: Find the MLB Teams
Challenge
Share
Tweet
Embed
Score 0/103 Timer 07:00
0 Plays Today
Year Quarterback % Correct
2008Peyton Manning
98.9%
2010Eli Manning
98.4%
2011Eli Manning
98.4%
2016Eli Manning
98.4%
2016*Eli Manning
98.4%
2014Tom Brady
96.3%
2015Russell Wilson
96.3%
2016Russell Wilson
96.3%
2009Jay Cutler
95.7%
2009Alex Smith
95.7%
2009Matthew Stafford
95.7%
2009Jay Cutler
95.7%
2010Jay Cutler
95.7%
2010*Jay Cutler
95.7%
2011Jay Cutler
95.7%
2011Matthew Stafford
95.7%
2012Jay Cutler
95.7%
2012Matthew Stafford
95.7%
2012Matthew Stafford
95.7%
2012Jay Cutler
95.7%
2013Matthew Stafford
95.7%
2013Jay Cutler
95.7%
2014Jay Cutler
95.7%
2014Jay Cutler
95.7%
2014Matthew Stafford
95.7%
2015Jay Cutler
95.7%
2015Alex Smith
95.7%
2015Matthew Stafford
95.7%
2016Matthew Stafford
95.7%
2016Matthew Stafford
95.7%
2014Geno Smith
95.2%
2009Tony Romo
94.7%
2010Troy Smith
94.7%
2010*Matt Ryan
94.7%
2011Matt Ryan
94.7%
Year Quarterback % Correct
2014Matt Ryan
94.7%
2014*Tony Romo
94.7%
2011Cam Newton
94.1%
2014Cam Newton
94.1%
2011Philip Rivers
93.6%
2015Philip Rivers
93.6%
2015Colin Kaepernick
93%
2011Drew Brees
92.5%
2012Drew Brees
92.5%
2011Sam Bradford
92%
2012Sam Bradford
92%
2016Sam Bradford
92%
2017Russell Wilson
91.4%
2015Derek Carr
90.9%
2016*Dak Prescott
90.9%
2014Teddy Bridgewater
90.4%
2015Teddy Bridgewater
90.4%
2009Joe Flacco
89.3%
2013Joe Flacco
89.3%
2015*Kirk Cousins
89.3%
2016Blake Bortles
88.8%
2010Brett Favre
87.2%
2010Brett Favre
87.2%
2013Robert Griffin III
86.6%
2010*Ben Roethlisberger
86.1%
2014Ryan Tannehill
85.6%
2011Carson Palmer
85%
2016Carson Wentz
85%
2017Andy Dalton
82.9%
2017Dak Prescott
82.9%
2009Matt Hasselbeck
81.3%
2010Mark Sanchez
81.3%
2010*Michael Vick
81.3%
2014Mark Sanchez
81.3%
2015Nick Foles
79.1%
Year Quarterback % Correct
2009Kurt Warner
77%
2012Matt Schaub
76.5%
2011Christian Ponder
74.9%
2011Christian Ponder
74.9%
2012Christian Ponder
74.9%
2013Christian Ponder
74.9%
2014Christian Ponder
74.9%
2008Kyle Orton
73.3%
2011Kyle Orton
73.3%
2011Josh Freeman
73.3%
2011Josh McCown
72.2%
2014Josh McCown
72.2%
2016Brock Osweiler
72.2%
2008Jon Kitna
64.7%
2010Jon Kitna
64.7%
2017Mike Glennon
62.9%
2008Tavaris Jackson
62%
2012Blaine Gabbert
62%
2012Jake Locker
61.5%
2009Marc Bulger
58.3%
2016Brian Hoyer
58.3%
2015Matt Cassel
57.2%
2009Dante Culpepper
52.4%
2016Matt Barkley
51.3%
2013Brandon Weeden
49.2%
2010Kevin Kolb
48.7%
2009Derek Anderson
48.1%
2010Shaun Hill
47.1%
2012*Joe Webb
46%
2008Dan Orlovsky
45.5%
2012John Skelton
41.7%
2010Trent Edwards
35.8%
2008Charlie Frye
15.5%

You're not logged in!

Compare scores with friends on all Sporcle quizzes.
Join for Free
OR
Log In

You Might Also Like...

Show Comments

Extras

Top Quizzes Today


Score Distribution

Your Account Isn't Verified!

In order to create a playlist on Sporcle, you need to verify the email address you used during registration. Go to your Sporcle Settings to finish the process.

Report this User

Report this user for behavior that violates our Community Guidelines.

Details: